000 00728cam a22002533a 4500
001 34414
003 PGUSA
005 20140828083737.0
008 101123s2010||||xxu|||||s|||||000 1 eng d
040 _aPGUSA
_beng
042 _adc
050 4 _aPZ
100 1 _aCrompton, Richmal,
_d1890-1969
245 1 0 _aJust William
_h[electronic resource] /
_cRichmal Crompton
260 _bProject Gutenberg,
_c2010
506 _aPublic domain in the USA.
516 _aElectronic text
653 _aHumorous stories
653 _aWilliam (Fictitious character : Crompton) -- Juvenile fiction
700 1 _aHenry, Thomas
830 0 _aProject Gutenberg
_v34414
856 4 0 _uhttp://www.gutenberg.org/ebooks/34414
942 _cEB
999 _c263669
_d263669